| 000 | 00494nam a22001457a 4500 | ||
|---|---|---|---|
| 008 | 140606b xxu||||| |||| 00| 0 eng d | ||
| 020 | _a1876033495 | ||
| 050 | _aLC487.R989 | ||
| 100 |
_aRyan, Maurice _910702 |
||
| 245 |
_aFoundations of Religious Education in Catholic schools _ban Australian perspective _cMaurice Ryan |
||
| 260 |
_aAustralia _bSocial Science Press _c1997 |
||
| 300 |
_avi, 190p. ; _c25cm. |
||
| 650 |
_aReligious education _xCatholic Church _910703 |
||
| 942 |
_2lcc _cMONOGRAPH |
||
| 999 |
_c120656 _d120656 |
||